000 002890000a22001090004500
090 _aAR
_b04586
100 1 _aBuckley, R.
_998702
245 1 0 _aMarine-terrestrial transfer by Strandline-foraging ants
041 0 _aInglés
942 _cARTICULO
773 1 _tBiotropica
_h4
_q314-315 p.
_d1980
_g12
999 _c13686
_d13686